US Sassuolo Squad 2016-2017 - Statistics

General Stats
  • This quiz has been taken 3 times
  • The average score is 14 of 29
Answer Stats
# Position Nation Player % Correct
32 MF Ghana Alfred Duncan
100%
47 GK Italy Andrea Consigli
100%
79 GK Italy Gianluca Pegolo
100%
11 FW France Grégoire Defrel
100%
98 DF Italy Claud Adjapong
67%
8 MF Italy Davide Biondini
67%
25 FW Italy Domenico Berardi
67%
- Coach Italy Eusebio Di Francesco
67%
27 FW Italy Federico Ricci
67%
15 DF Italy Francesco Acerbi
67%
4 MF Italy Francesco Magnanelli
67%
28 DF Italy Paolo Cannavaro
67%
20 DF Spain Pol Lirola
67%
7 MF Italy Simone Missiroli
67%
21 MF Italy Alberto Aquilani
33%
1 GK Italy Alberto Pomini
33%
10 FW Italy Alessandro Matri
33%
26 DF Italy Emanuele Terranova
33%
13 DF Italy Federico Peluso
33%
6 MF Italy Lorenzo Pellegrini
33%
5 DF Italy Luca Antei
33%
22 MF Italy Luca Mazzitelli
33%
23 DF Italy Marcello Gazzola
33%
12 MF Italy Stefano Sensi
33%
55 DF Netherlands Timo Letschert
33%
90 FW Italy Antonino Ragusa
0%
39 DF Italy Cristian Dell'Orco
0%
16 FW Italy Matteo Politano
0%
9 FW Italy Pietro Iemmello
0%
No matching quizzes found
Score Distribution
Percent of People with Each Score
Percentile by Number Answered
Your Score History
You have not taken this quiz